000 00319nam a22001457a 4500
008 180918b xxu||||| |||| 00| 0 eng d
020 _a9780323052511
041 _aeng
080 _27th
_a610.73
082 _a610.73
100 _a1
101 _aINF
245 _aFundamentals of Nursing
_cOchs,G
942 _2udc
_cBK
999 _c47964
_d47964